Los orilleros
Salvato in:
| Autori principali: | , |
|---|---|
| Natura: | Libro |
| Lingua: | spagnolo |
| Pubblicazione: |
Buenos Aires
Losada
1955
|
| Soggetti: | |
| Tags: |
Aggiungi Tag
Nessun Tag, puoi essere il primo ad aggiungerne!!
|
MARC
| LEADER | 00000nam a2200000 a 4500 | ||
|---|---|---|---|
| 001 | UCY7436 | ||
| 003 | CL-VaPUC | ||
| 008 | 950614e19550000AG |||||||||||||||||spa|d | ||
| 082 | 0 | 4 | |a Ar862 |b BOR |2 21 |
| 100 | |a Borges, Jorge Luis |e autor |9 322093 | ||
| 700 | 0 | |a Bioy Casares, Adolfo |e author |9 337971 | |
| 245 | 1 | 4 | |a Los orilleros |
| 246 | 1 | 3 | |a El paraíso de los creyentes |
| 300 | |a 137 p | ||
| 942 | |c BK | ||
| 945 | |d 19950614 00:00:00 |a rbrito | ||
| 260 | |a Buenos Aires |b Losada |c 1955 | ||
| 650 | 7 | |a DRAMAS ARGENTINOS |2 CL-VaPUC |9 337972 | |
| 583 | |a last modification |c 19950614 00:00:00 |k Rodrigo Vera | ||
| 999 | |c 234830 |d 234828 | ||
| 952 | |0 0 |1 0 |4 0 |6 AR_862_000000000000000_BOR_1955 |7 0 |8 A |9 241565 |a BIBART |b BIBART |d 2019-11-18 |i 2006480 |o Ar862 BOR 1955 |p 2006480 |r 2025-03-13 |w 2019-11-18 |y BK |k ART | ||
| 952 | |0 0 |1 0 |4 0 |6 AR_862_000000000000000_BOR_1955 |7 0 |8 A |9 241566 |a BIBEDU |b BIBEDU |d 2019-11-18 |i 316487K |o Ar862 BOR 1955 |p 316487K |r 2019-11-18 |w 2019-11-18 |y BK |k LIT | ||
| 952 | |0 0 |1 0 |4 0 |6 AR_862_000000000000000_BOR_1955 |7 0 |8 A |9 241567 |a BIBEDU |b BIBEDU |d 2019-11-18 |i 3267431 |o Ar862 BOR 1955 |p 3267431 |r 2019-11-18 |w 2019-11-18 |y BK |k LIT | ||